| 000 | 00776nam a2200241Ia 4500 | ||
|---|---|---|---|
| 003 | OSt | ||
| 005 | 20220918111959.0 | ||
| 006 | a|||||r|||| 00| 0 | ||
| 007 | ta | ||
| 008 | 220915b |||||||| |||| 00| 0 hin d | ||
| 024 | _a215484 | ||
| 037 | _cTextbook | ||
| 040 |
_bhin _aARTS _cARTS |
||
| 041 | _ahin | ||
| 082 | _aO44:g, 152J5.2 | ||
| 100 |
_aउपाध्याय, बलदेव _91695 |
||
| 245 | 0 | _aभारतीय साहित्यशास्त्र | |
| 246 | _aBhāratīya sāhityashāstra | ||
| 260 |
_aकाशी _bप्रसाद पीरषद भारत _c1955 |
||
| 300 |
_a479पण् _ccm. |
||
| 942 |
_hO44:g, 152J5.2 _cTB _2CC |
||
| 999 |
_c117695 _d117695 |
||